000
00293nam a2200121Ia 4500
008
190216s9999||||xx |||||||||||||| ||und||
100
_a
Sebastian D K
245
0
_a
Prose For The Young Reader
260
_b
Macmillan India Ltd
_c
1985
300
_a
89p
650
_a
English Prose
942
_c
BK
999
_c
13409
_d
13409